000 00287nam a22001337a 4500
008 190225b xxu||||| |||| 00| 0 eng d
020 _a70732
041 _aeng
080 _a531
100 _a43
101 _aFIZ
245 _aPhysics. Principles & Problems
_cDoyle
942 _2udc
_cBK
999 _c54246
_d54246